Tight labor markets and the demand for education (Registro nro. 35961)
[ vista simple ]
| 000 -CABECERA | |
|---|---|
| Longitud fija campo de control | 01159naa a2200325 c 4500 |
| 001 - NÚMERO DE CONTROL | |
| Número de control | 35961 |
| 003 - IDENTIFICADOR DE NÚMERO DE CONTROL | |
| Identificador del número de control | ES-MaCES |
| 005 - FECHA Y HORA DE LA ÚLTIMA TRANSACCIÓN | |
| Fecha y hora de la última transacción | 20060213143600.0 |
| 008 - CAMPO FIJO DE DESCRIPCIÓN FIJA--INFORMACIÓN GENERAL | |
| Códigos de información de longitud fija | 060213n2005 xxu t 000 | eng d |
| 035 ## - NÚMERO DE CONTROL DEL SISTEMA | |
| Número de control del sistema | CES20060002237v |
| 040 ## - FUENTE DE CATALOGACIÓN | |
| Centro catalogador de origen | ES-MaCES |
| Lengua de catalogación | spa |
| Centro transcriptor | ES-MaCES |
| 100 1# - ENCABEZAMIENTO PRINCIPAL--NOMBRE PERSONAL | |
| Nombre de persona | Black, Dan A. |
| 9 (RLIN) | 7805 |
| 245 10 - MENCIÓN DE TÍTULO | |
| Título | Tight labor markets and the demand for education |
| Resto del título | : evidence from the coal boom and bust |
| Mención de responsabilidad, etc. | Dan A. Black, Tera G. Mckinnish, Seth G. Sanders |
| 500 ## - NOTA GENERAL | |
| Nota general | Resumen |
| 504 ## - NOTA DE BIBLIOGRAFÍA, ETC. | |
| Nota de bibliografía, etc. | Bibliografía: p. 16 |
| 650 #4 - ASIENTO SECUNDARIO DE MATERIA--TÉRMINO DE MATERIA | |
| Término de materia o nombre geográfico como elemento inicial | 1970-1980 |
| 9 (RLIN) | 30940 |
| 650 #4 - ASIENTO SECUNDARIO DE MATERIA--TÉRMINO DE MATERIA | |
| Término de materia o nombre geográfico como elemento inicial | Estados Unidos |
| 9 (RLIN) | 28373 |
| 650 #4 - ASIENTO SECUNDARIO DE MATERIA--TÉRMINO DE MATERIA | |
| Término de materia o nombre geográfico como elemento inicial | trabajador no calificado |
| 9 (RLIN) | 28425 |
| 650 #4 - ASIENTO SECUNDARIO DE MATERIA--TÉRMINO DE MATERIA | |
| Término de materia o nombre geográfico como elemento inicial | educación |
| 9 (RLIN) | 27367 |
| 650 #4 - ASIENTO SECUNDARIO DE MATERIA--TÉRMINO DE MATERIA | |
| Término de materia o nombre geográfico como elemento inicial | minas de carbón |
| 9 (RLIN) | 27812 |
| 650 #4 - ASIENTO SECUNDARIO DE MATERIA--TÉRMINO DE MATERIA | |
| Término de materia o nombre geográfico como elemento inicial | capital humano |
| 9 (RLIN) | 29498 |
| 650 #4 - ASIENTO SECUNDARIO DE MATERIA--TÉRMINO DE MATERIA | |
| Término de materia o nombre geográfico como elemento inicial | mercado de trabajo |
| 9 (RLIN) | 28292 |
| 653 10 - TÉRMINO DE INDEXACIÓN--NO CONTROLADO | |
| Término no controlado | Relaciones laborales-Empleo |
| 700 1# - ENCABEZAMIENTO SECUNDARIO--NOMBRE PERSONAL | |
| Nombre de persona | Sanders, Seth G. |
| 9 (RLIN) | 23380 |
| 700 1# - ENCABEZAMIENTO SECUNDARIO--NOMBRE PERSONAL | |
| Nombre de persona | Mckinnish, Terra G. |
| 9 (RLIN) | 18261 |
| 773 0# - ENTRADA DE DOCUMENTO FUENTE | |
| Título | Industrial and labor relations review |
| Parte(s) relacionada(s) | vol. 59, no. 1 (Oct. 2005){10695 R. 063273}; p. 3-16 |
| Número de control del registro relacionado | (ES-MaCES)25696 |
| Itemnumber del ítem fuente | 68808 |
| 902 ## - CES. TIPO DE DOCUMENTO | |
| Tipodoc (006$c Sirtex) | ART Artículo de revista |
| 942 ## - ELEMENTOS KOHA | |
| Fuente de clasificaión o esquema | Clasificación propia del CES |
| Koha [por defecto] tipo de item | Artículos (1982-2017) |
| Parte de clasificación | 2.0. |
No hay ítems disponibles.
